[Event "PER-ch Seniors"]
[Site "Lima"]
[Date "2018.12.29"]
[Round "6"]
[White "Campossano Camo, Rodrigo"]
[Black "Reyes la Rosa, Juan"]
[Result "1-0"]
[WhiteElo "2062"]
[BlackElo "1906"]
[PlyCount "81"]
[EventDate "2018.12.26"]
[EventType "swiss"]
[EventRounds "7"]
[EventCountry "PER"]
[SourceTitle "EXT 2021"]
[Source "ChessBase"]
[SourceDate "2020.10.23"]
[SourceVersion "1"]
[SourceVersionDate "2020.10.23"]
[SourceQuality "1"]

1. d4 Nf6 2. c4 c5 3. d5 e6 4. Nc3 exd5 5. cxd5 d6 6. e4 g6 7. Bd3 Bg7 8. Nge2 0-0 9. 0-0 a6 10. a4 Nbd7 11. f4 Re8 12. Ng3 Qc7 13. Qf3 Rb8 14. Be3 c4 15. Bc2 b5 16. axb5 axb5 17. Ra7 Qd8 18. h3 b4 19. Nce2 Nb6 20. Nd4 Bd7 21. Kh1 b3 22. Bb1 Qc8 23. Nge2 Ra8 24. Rxa8 Qxa8 25. Nc3 Na4 26. Nxa4 Bxa4 27. Rc1 Qa6 28. Bf2 Nd7 29. Qc3 Nb6 30. Qb4 Rd8 31. Nc6 Bxc6 32. Bxb6 Rb8 33. dxc6 Rxb6 34. Qxc4 Qxc4 35. Rxc4 Rb8 36. c7 Rc8 37. e5 d5 38. Rc6 Kf8 39. Bd3 Ke8 40. Ba6 Kd7 41. Rd6+ 1-0